00487nam a2200193 a 4500001001300000003000900013005001700022008004100039020001000080082001300090100001700103245004100120260002300161300000900184500003500193505002900228650001900257700001700276nice12345678IN_TiNIC20260116011502.0050524s1960 laha grp 000 0 urd  ac10000a270bSTE aStephen, D J aTawarikh-I-Kalisiya Ka Mujmal Baiyan aLahorebSpckc1960 a159p aincludes index and biblioraphy2 afaith and fact books;143 aChurch-History1 aStephen, D J